[Event "Vladimir Petrov Memorial op"]
[Site "Jurmala"]
[Date "2013.02.16"]
[Round "7"]
[White "Ivanchuk, Vassily"]
[Black "Gleizerov, Evgeny"]
[Result "1-0"]
[WhiteElo "2758"]
[BlackElo "2546"]
[PlyCount "59"]
[EventDate "2013.02.15"]
[EventType "swiss (rapid)"]
[EventRounds "14"]
[EventCountry "LAT"]
[SourceTitle "CBM 152 Extra"]
[Source "ChessBase"]
[SourceDate "2013.02.25"]
[SourceVersion "1"]
[SourceVersionDate "2013.02.25"]
[SourceQuality "1"]

1. g3 d5 2. Bg2 e5 3. c4 d4 4. d3 g6 5. Nf3 Bg7 6. b4 Ne7 7. Nbd2 O-O 8. O-O a5 9. b5 c5 10. bxc6 Nexc6 11. Ba3 ({RR} 11. Rb1 Na6 12. h4 h6 13. Nh2 Kh7 14. h5 gxh5 15. Ndf3 f5 16. Kh1 Qe7 17. e3 dxe3 18. Bxe3 f4 19. gxf4 exf4 20. Bb6 Bf5 21. Rb5 h4 22. Re1 Qf6 23. Rxf5 Qxf5 24. Nxh4 Qf6 25. Be4+ Kg8 {Kasimdzhanov,R (2700)-Giri,A (2752) Rosmalen 2014 ½-½}) ({RR} 11. Ne4 f5 12. Nc5 Na6 13. Nxa6 Rxa6 14. Nd2 Qe7 15. Rb1 Nb4 16. Ba3 Re8 17. Nb3 b6 18. Qd2 Bf8 19. Rfc1 Be6 20. e3 dxe3 21. Qxe3 Qc7 22. Bb2 Bg7 23. a3 Nc6 24. Re1 Bf7 25. Rbc1 a4 {Afanasiev,N (2541)-Gleizerov,E (2378) Yekaterinburg RUS 2024 1-0 (55)}) ({RR} 11. Rb1 Na6 12. Ne1 Qe7 13. Nc2 Ncb4 14. a3 Nc6 15. Rb5 Nc7 16. Rb3 Rd8 17. Re1 Na6 18. Rb5 Nc7 19. Rb6 Na6 20. Nb3 a4 21. Nd2 Bf8 22. Ne4 Qc7 23. Rb5 Be7 24. Bh6 Na7 25. Rb2 Rb8 {Meskovs,N (2550)-Gleizerov,E (2498) Amsterdam 2019 0-1 (42)}) 11... Re8 12. Ne4 Nb4 13. c5 $146 ({RR} 13. Ne1 N8c6 14. Nc2 f5 15. Nd2 Bf8 16. Nxb4 axb4 17. Bb2 Be6 18. Nb3 Qc7 19. Qc2 Ra6 20. e3 dxe3 21. fxe3 Bg7 22. d4 Bf7 23. d5 Na5 24. c5 Nxb3 25. axb3 Bf8 26. Rxa6 bxa6 27. Rc1 Rc8 {Dziuba,M (2585)-Migot,T (2351) Chess.com INT 2020 1-0 (57)}) ({RR} 13. Ne1 N8c6 14. Nc2 f5 15. Nd2 Bf8 16. Nxb4 axb4 17. Bb2 Be6 18. Nb3 Qc7 19. Qc2 Ra6 20. e3 dxe3 21. fxe3 Bg7 22. d4 Bf7 23. d5 Na5 24. c5 Nxb3 25. axb3 Bf8 26. Rxa6 bxa6 27. Rc1 Rc8 {Dziuba,M (2585)-Migot,T (2351) Chess.com INT 2020 1-0 (57)}) 13... Bf8 14. Bxb4 axb4 15. Qb3 Na6 16. Nfg5 Qe7 17. Rfc1 h6 18. Nf3 Be6 19. Qb2 Bd5 20. Nfd2 Red8 21. a3 bxa3 22. Rxa3 Qe6 23. Ra5 Rac8 24. Rb5 f5 25. Nd6 Bxd6 26. cxd6 Rxc1+ 27. Qxc1 Bxg2 28. Kxg2 Rxd6 29. Nc4 Rd5 30. Rb6 1-0

[Event "Moscow Aeroflot rapid final"]
[Site "Moscow"]
[Date "2013.02.16"]
[Round "2.2"]
[White "Svidler, Peter"]
[Black "Nepomniachtchi, Ian"]
[Result "1-0"]
[WhiteElo "2747"]
[BlackElo "2703"]
[PlyCount "110"]
[EventDate "2013.02.16"]
[EventType "k.o. (rapid)"]
[EventRounds "4"]
[EventCountry "RUS"]
[SourceTitle "CBM 152 Extra"]
[Source "ChessBase"]
[SourceDate "2013.02.25"]
[SourceVersion "1"]
[SourceVersionDate "2013.02.25"]
[SourceQuality "1"]

1. g3 d5 2. Bg2 Nf6 3. d3 g6 4. Nd2 Bg7 5. e4 Nc6 6. Ngf3 dxe4 7. dxe4 O-O 8. O-O e5 9. c3 a5 10. Qc2 h6 ({RR} 10... b6 11. Rd1 Qe7 12. Nf1 Bb7 13. Bg5 h6 14. Bxf6 Qxf6 15. Ne3 Ne7 16. h3 h5 17. h4 Rad8 18. Nd2 Bh6 19. Ndc4 Qe6 20. Rxd8 Rxd8 21. Rd1 Re8 22. Nd5 Nxd5 23. exd5 Qf6 24. d6 Ba6 25. dxc7 {Piesik,P (2440)-Demchenko,A (2619) chess.com INT 2025 ½-½ (54)}) 11. b3 $146 ({RR} 11. Nc4 Qe7 12. Re1 Rd8 13. a4 b6 14. b3 Bb7 15. Nh4 Nb8 16. Ba3 Qe6 17. Rad1 Na6 18. f3 Bf8 19. Bc1 Nc5 20. Bf1 Ba6 21. Qa2 Rdb8 22. Ng2 b5 23. axb5 Bxb5 24. Nge3 c6 25. Ba3 Ba6 {Hadjieff,D-Neubauer,M (2295) Austria 1995 ½-½ (71)}) 11... Be6 12. a4 ({RR} 12. Ba3 Re8 13. Nc4 Nd7 14. Ne3 a4 15. Rfd1 axb3 16. axb3 Bf8 17. Bb2 Rxa1 18. Rxa1 Nc5 19. Rd1 Qc8 20. Nd5 Bg7 21. Ba3 Nd7 22. b4 b5 23. Bc1 Kh7 24. Be3 Nd8 25. h4 Qb7 26. Ra1 Nc6 {Mamedov,R (2646)-Rapport,R (2740) Baku AZE 2022 1-0 (34)}) 12... Qc8 13. Re1 Rd8 14. Ba3 Bh3 15. b4 Bxg2 16. Kxg2 axb4 17. cxb4 Nd4 18. Nxd4 exd4 19. Bb2 Ra6 20. b5 Re6 21. Rac1 c6 22. Qd3 Qa8 23. bxc6 Rxc6 24. Rxc6 bxc6 25. Ra1 c5 26. a5 Ng4 27. Nc4 Qa6 28. h3 Nf6 29. Ra3 Nd7 30. Rb3 Qc6 31. Bc1 Rb8 32. Rxb8+ Nxb8 33. Nb6 Qb7 34. f3 Qa6 35. Qxa6 Nxa6 36. Kf2 f5 37. exf5 gxf5 38. Ke2 Kf7 39. Kd3 Ke6 40. Kc4 Kd6 41. g4 fxg4 42. fxg4 Kc6 43. Nd5 Bf8 44. h4 Nb8 45. h5 Nd7 46. Bf4 d3 47. Ne3 d2 48. Kd3 Kb5 49. Kxd2 Kxa5 50. Nf5 Nf6 51. Nxh6 Kb5 52. Ke2 Bxh6 53. Bxh6 Nxg4 54. Bg7 Kc6 55. Kf3 Nh2+ 1-0

[Event "Reykjavik op"]
[Site "Reykjavik"]
[Date "2013.02.27"]
[Round "10"]
[White "Amin, Bassem"]
[Black "Gajewski, Grzegorz"]
[Result "1-0"]
[WhiteElo "2631"]
[BlackElo "2644"]
[PlyCount "103"]
[EventDate "2013.02.19"]
[EventType "swiss"]
[EventRounds "10"]
[EventCountry "ISL"]
[SourceTitle "CBM 153 Extra"]
[Source "ChessBase"]
[SourceDate "2013.04.22"]
[SourceVersion "1"]
[SourceVersionDate "2013.04.22"]
[SourceQuality "1"]

1. e4 c5 2. Nf3 d6 3. g3 Nc6 4. Bg2 Nf6 5. d3 g6 6. O-O Bg7 7. c3 O-O 8. Re1 e5 9. a3 b5 10. h3 Rb8 ({RR} 10... a5 11. Be3 a4 12. d4 Qe7 13. Nbd2 Nd7 14. d5 Na5 15. c4 bxc4 16. Qxa4 Nb6 17. Qc2 Bd7 18. Nh4 Rfb8 19. Bf1 Rb7 20. Rab1 Qd8 21. Nxc4 Nbxc4 22. Bxc4 Nxc4 23. Qxc4 Qb8 24. Qc1 Bxh3 25. Nf3 {Mazurkiewicz,M (2263)-Kacprzak,K (2298) England ENG 2025 ½-½ (39)}) 11. Be3 a5 12. Nbd2 $146 ({RR} 12. a4 b4 13. Nbd2 h6 14. Rc1 Re8 15. d4 bxc3 16. bxc3 exd4 17. cxd4 Nb4 18. Nc4 Nxe4 19. dxc5 Na2 20. Nxd6 Nxd6 21. Rc2 Bf5 22. Rxa2 Nc4 23. Qxd8 Rbxd8 24. c6 Rc8 25. Nd2 Ne5 26. g4 Nd3 {Amin,B (2686)-Giri,A (2764) Chess.com INT 2020 1-0 (53)}) ({RR} 12. a4 b4 13. Nbd2 h6 14. Rc1 Re8 15. d4 bxc3 16. bxc3 exd4 17. cxd4 Nb4 18. Nc4 Nxe4 19. dxc5 Na2 20. Nxd6 Nxd6 21. Rc2 Bf5 22. Rxa2 Nc4 23. Qxd8 Rbxd8 24. c6 Rc8 25. Nd2 Ne5 26. g4 Nd3 {Amin,B (2686)-Giri,A (2764) Chess.com INT 2020 1-0 (53)}) 12... Be6 13. d4 cxd4 14. cxd4 exd4 15. Nxd4 Nxd4 16. Bxd4 Qd7 17. Qf3 Qe7 18. Nb3 a4 19. Na5 Qc7 20. Bxf6 Qxa5 21. Red1 Rb6 22. Bxg7 Kxg7 23. Rd4 Rc8 24. Rad1 Rc2 25. Qf4 b4 26. Rxd6 Rxd6 27. Qxd6 Qc5 28. Qxc5 Rxc5 29. axb4 Rc2 30. Ra1 Bb3 31. e5 Rxb2 32. Bc6 f6 33. Bxa4 Be6 34. Bc6 Rxb4 35. Ra7+ Kf8 36. exf6 Rb6 37. Be4 Bxh3 38. Rxh7 Bf5 39. Bxf5 gxf5 40. f7 Rg6 41. Kh2 f4 42. Kh3 fxg3 43. fxg3 Ra6 44. g4 Ra1 45. Kg2 Ra3 46. Kf2 Ra4 47. Kg3 Ra5 48. Kh4 Ra4 49. Kh5 Ke7 50. g5 Ra1 51. Kg6 Rf1 52. Rh8 1-0

[Event "SUI-chT"]
[Site "Switzerland"]
[Date "2013.04.28"]
[Round "2.2"]
[White "Buhmann, Rainer"]
[Black "Stojanovic, Mihajlo"]
[Result "1-0"]
[WhiteElo "2579"]
[BlackElo "2571"]
[PlyCount "57"]
[EventDate "2013.03.17"]
[EventType "team-tourn"]
[EventRounds "9"]
[EventCountry "SUI"]
[SourceTitle "EXT 2014"]
[Source "ChessBase"]
[SourceDate "2013.11.20"]
[SourceVersion "1"]
[SourceVersionDate "2013.11.20"]
[SourceQuality "1"]
[WhiteTeam "Bern Schwarz Weiss"]
[BlackTeam "Reti"]
[WhiteTeamCountry "SUI"]
[BlackTeamCountry "SUI"]

1. Nf3 d5 2. g3 c6 3. Bg2 Nf6 4. O-O Bf5 5. d3 h6 6. c4 dxc4 7. dxc4 Qxd1 8. Rxd1 Nbd7 9. b4 ({RR} 9. Nc3 e5 10. Nd2 Bc2 11. Rf1 Bb4 12. Nde4 Nxe4 13. Nxe4 a5 14. Be3 Bxe4 15. Bxe4 Bc5 16. Bd2 Ke7 17. Rfd1 Rhd8 18. Kf1 Nb6 19. b3 Nd7 20. Bc3 Ba3 21. Bf5 f6 22. e3 Nc5 23. Ke2 Rxd1 {Roiz,M (2611)-Anand,V (2779) Rishon Le Ziyyon 2006 ½-½ (34)}) ({RR} 9. Nc3 e5 10. b3 Bb4 11. Bb2 O-O-O 12. a3 Ba5 13. b4 Bc7 14. Rac1 Rhe8 15. b5 Nc5 16. Rxd8+ Rxd8 17. Nh4 Bd7 18. Rd1 g5 19. Nf3 Be6 20. Nd2 cxb5 21. Nxb5 Bb8 22. Nc3 a6 23. Nf3 Rxd1+ {Zafirakos,J (2022)-Hambleton,A (2420) chess.com INT 2024 ½-½ (59)}) 9... e5 10. b5 cxb5 $146 ({RR} 10... O-O-O 11. bxc6 bxc6 12. Bb2 Bc5 13. Nbd2 Bc2 14. Rdc1 Bh7 15. Nb3 Bb6 16. Bh3 Kb7 17. Nxe5 Nxe5 18. Bxe5 Ne4 19. c5 Bc7 20. Bxc7 Kxc7 21. Rc4 Rhe8 22. Bg2 Nd2 23. Ra4 Rxe2 24. Nd4 Rxd4 25. Rxd4 {Nikolic,P (2592)-Rijnaarts,S (2264) Leiden 2010 1-0 (32)}) ({RR} 10... Bc5 11. Bb2 O-O 12. Nbd2 Rfe8 13. Nb3 Bb6 14. Rac1 Be4 15. Nfd2 Bxg2 16. Kxg2 cxb5 17. cxb5 a6 18. bxa6 Rxa6 19. a3 Bd8 20. Rc8 Be7 21. Rxe8+ Nxe8 22. Nc4 Nef6 23. Rb1 Re6 24. a4 Ne4 25. f3 {Grachev,B (2672)-Sprenger,J (2498) Sibenik 2012 ½-½ (95)}) 11. cxb5 Bc2 12. Rf1 Bd6 13. Na3 Rc8 14. Nd2 b6 15. Bc6 Ba4 16. Nac4 Bb8 17. Ba3 Kd8 18. Rfc1 Nc5 19. Nb2 Rxc6 20. bxc6 Bxc6 21. Nd3 Bd5 22. Nxc5 bxc5 23. Rxc5 Kd7 24. Ra5 h5 25. Nb3 h4 26. Rd1 hxg3 27. fxg3 Ke6 28. Ra6+ Kf5 29. Rxf6+ 1-0

[Event "La Roda op 40th"]
[Site "La Roda"]
[Date "2013.03.29"]
[Round "5"]
[White "Granda Zuniga, Julio E"]
[Black "Lopez Martinez, Josep Manuel"]
[Result "1-0"]
[WhiteElo "2634"]
[BlackElo "2500"]
[PlyCount "95"]
[EventDate "2013.03.27"]
[EventType "swiss"]
[EventRounds "9"]
[EventCountry "ESP"]
[SourceTitle "CBM 153 Extra"]
[Source "ChessBase"]
[SourceDate "2013.04.22"]
[SourceVersion "1"]
[SourceVersionDate "2013.04.22"]
[SourceQuality "1"]

1. Nf3 d5 2. g3 Bg4 3. Bg2 Nd7 4. h3 Bh5 5. c4 e6 6. cxd5 exd5 7. d4 ({RR} 7. Nc3 c6 8. d3 Bc5 9. O-O Ngf6 10. Qc2 O-O 11. a3 Re8 12. Bf4 Bb6 13. Rfe1 Nc5 14. Na4 Nxa4 15. Qxa4 Nd7 16. b4 Nf8 17. g4 Bg6 18. Bg3 Ne6 19. e4 dxe4 20. dxe4 Qe7 21. Ne5 Rad8 {Duda,J (2731)-Quesada Perez,Y (2591) chess.com INT 2024 ½-½ (63)}) 7... c6 8. Nc3 Bb4 $146 ({RR} 8... Ngf6 9. Ne5 Bb4 10. Qb3 Qb6 11. f4 Bg6 12. O-O Nxe5 13. fxe5 Bxc3 14. bxc3 Ne4 15. Bxe4 Bxe4 16. Ba3 Qxb3 17. axb3 Bg6 18. c4 Kd7 19. Bd6 Ke6 20. cxd5+ cxd5 21. Rfc1 Rhd8 22. Rc7 Rd7 23. Rac1 {Mikhalevski,V (2482)-Mannion,S (2135) Maia POR 2024 1-0 (37)}) ({RR} 8... Bd6 9. e4 dxe4 10. Nxe4 Bb4+ 11. Bd2 Bxd2+ 12. Qxd2 Ndf6 13. Nc5 Bxf3 14. Bxf3 Rb8 15. Nxb7 Rxb7 16. Bxc6+ Rd7 17. Qg5 h6 18. Qe5+ Ne7 19. Bxd7+ Nxd7 20. Qxg7 Qa5+ {½-½ (20) Bai,J (2569)-Wang Yue (2640) Ji'an CHN 2025}) ({RR} 8... Be7 9. O-O Ngf6 10. Ne5 Nxe5 11. dxe5 Ne4 12. Nxe4 dxe4 13. Qc2 Qd5 14. Bxe4 Qe6 15. Bf4 Bg6 16. Kg2 Rd8 17. Rfd1 Rxd1 18. Rxd1 Bxe4+ 19. Qxe4 Qxa2 20. h4 Qe6 21. Qd4 a6 22. Qb6 Qc8 23. Rd3 {Giri,A (2733)-Holt,C (2540) chess.com INT 2024 1-0 (62)}) 9. O-O Ne7 10. Qb3 Qa5 11. Bd2 O-O 12. Rfe1 Bxf3 13. Bxf3 Nf5 14. e3 Nd6 15. Re2 Bxc3 16. Bxc3 Qc7 17. Bb4 a5 18. Be1 Rfe8 19. Rc1 Qb8 20. Bg2 Nf6 21. g4 Nb5 22. Qd3 a4 23. f3 Qd6 24. Bf1 Nd7 25. Kg2 Nf8 26. Bg3 Qe7 27. Qd2 Ne6 28. Ree1 Nbc7 29. Bd3 h5 30. Bb1 Nf8 31. gxh5 Nce6 32. Qd3 Qf6 33. f4 Nc7 34. Qd1 Nb5 35. Qg4 Nd6 36. f5 Nh7 37. Bf4 Kh8 38. Kh2 Ne4 39. Re2 Qe7 40. Rg1 Rg8 41. Reg2 f6 42. Bxe4 dxe4 43. h6 Ng5 44. Qh5 gxh6 45. Bxg5 fxg5 46. Qxh6+ Qh7 47. Qf6+ Qg7 48. Rxg5 1-0

[Event "Norderstedt op"]
[Site "Norderstedt"]
[Date "2013.03.31"]
[Round "6"]
[White "Miroshnichenko, Evgenij"]
[Black "Teske, Henrik"]
[Result "1-0"]
[WhiteElo "2626"]
[BlackElo "2531"]
[PlyCount "60"]
[EventDate "2013.03.28"]
[EventType "swiss"]
[EventRounds "9"]
[EventCountry "GER"]
[SourceTitle "EXT 2015"]
[Source "ChessBase"]
[SourceDate "2014.11.20"]
[SourceVersion "1"]
[SourceVersionDate "2014.11.20"]
[SourceQuality "1"]

1. Nf3 d5 2. g3 Bg4 3. Bg2 Nd7 4. O-O Ngf6 5. d3 e6 6. Nbd2 c6 7. b3 Bd6 ({RR} 7... a5 8. a3 Bd6 9. Bb2 O-O 10. h3 Bh5 11. e4 e5 12. Qe1 dxe4 13. dxe4 b5 14. Nh4 {½-½ (14) Pigusov,E (2623)-Gelashvili,T (2547) Dubai 2002}) 8. Bb2 Qc7 ({RR} 8... Rc8 9. h3 Bxf3 10. Nxf3 Bb8 11. Qe1 Qb6 12. Kh1 O-O 13. e4 dxe4 14. dxe4 e5 15. Nd2 Qb4 16. Qe2 Qe7 17. Nc4 Rfd8 18. Ba3 c5 19. Ne3 g6 20. Rad1 Nf8 21. c3 Ne6 22. Rxd8+ Rxd8 23. Rd1 {Dragomirescu,A (2110)-Kun,J (1797) Arad ROU 2024 ½-½ (65)}) 9. Qe1 $146 ({RR} 9. c4 O-O 10. d4 Rac8 11. c5 Be7 12. b4 a5 13. a3 Ra8 14. Re1 h6 15. Ne5 Nxe5 16. dxe5 Nd7 17. h3 Bh5 18. g4 Bg6 19. Nf3 b6 20. cxb6 Qxb6 21. Bd4 Qb7 22. bxa5 Rxa5 23. a4 Bb4 {Koshil,T (2505)-Potapov,A (2375) Bryansk 1995 0-1 (72)}) ({RR} 9. c4 h5 10. cxd5 exd5 11. e4 O-O-O 12. exd5 Nxd5 13. Bxg7 Rhg8 14. Bd4 Be5 15. Bxe5 Nxe5 16. h3 Nc3 17. Qc2 Ne2+ 18. Kh1 Bxf3 19. Nxf3 Nd4 20. Nxd4 Rxd4 21. Qc5 Rgd8 22. Qxa7 Qb8 23. Qa5 Qc7 {Moore,H (2270)-Gansvind,V (2287) Victoria 2004 1-0 (55)}) 9... O-O-O 10. c4 Kb8 11. d4 Bb4 12. a3 Bxf3 13. Bxf3 Bxd2 14. Qxd2 h5 15. Qg5 g6 16. b4 Nh7 17. Qe3 Nb6 18. Rfc1 Rhe8 19. c5 Nc4 20. Rxc4 dxc4 21. Qc1 e5 22. dxe5 Rxe5 23. Qxc4 Re6 24. Bc1 g5 25. Qc2 f5 26. Qxf5 Re5 27. Qc2 Qf7 28. Rb1 Rde8 29. h3 Qd7 30. Bb2 Qf5 1-0

[Event "RUS-chT 20th"]
[Site "Loo"]
[Date "2013.04.07"]
[Round "1"]
[White "Movsesian, Sergei"]
[Black "Zontakh, Andrey"]
[Result "1-0"]
[WhiteElo "2695"]
[BlackElo "2546"]
[PlyCount "81"]
[EventDate "2013.04.07"]
[EventType "team-swiss"]
[EventRounds "7"]
[EventCountry "RUS"]
[SourceTitle "CBM 154"]
[Source "ChessBase"]
[SourceDate "2013.05.15"]
[SourceVersion "1"]
[SourceVersionDate "2013.05.15"]
[SourceQuality "1"]
[WhiteTeam "Sankt Petersburg Chess Fed"]
[BlackTeam "Lipetsk EGU Perspektiva"]
[WhiteTeamCountry "RUS"]
[BlackTeamCountry "RUS"]

1. Nf3 Nf6 2. g3 d5 3. Bg2 c6 4. O-O Bg4 5. d3 Nbd7 6. h3 Bh5 7. Qe1 e5 8. e4 Bd6 9. exd5 Bxf3 10. Bxf3 Nxd5 11. Nc3 Nxc3 12. bxc3 O-O 13. Rb1 Qc7 14. Bd2 $146 ({RR} 14. Bg2 Rae8 15. a4 Kh8 16. a5 f5 17. c4 f4 18. Be4 Nc5 19. Bd2 Qe7 20. Qe2 Rf6 21. g4 Rh6 22. Kg2 Rf8 23. Bf3 Ne6 24. Bc3 Ng5 25. Rh1 a6 26. c5 Bxc5 27. h4 Nxf3 28. Qxf3 Re6 {Movsesian,S (2723)-Grischuk,A (2728) Moscow 2008 1-0 (43)}) 14... f5 15. Qe2 Rae8 16. Bg2 Kh8 17. Qh5 Bc5 18. Bg5 Bb6 19. Rb4 Re6 20. Rh4 h6 21. d4 f4 22. gxf4 exd4 23. Qg4 Rg6 24. Be4 Rxf4 25. Qxf4 Qxf4 26. Rxf4 Rxg5+ 27. Kh1 Nf6 28. cxd4 Bxd4 29. Rd1 Bb6 30. Bf5 Kg8 31. c4 Bc7 32. Rf3 b5 33. cxb5 cxb5 34. Rb1 a6 35. Rc1 Be5 36. Rc6 Kf7 37. Rxa6 Bd4 38. Rd6 Bc5 39. Rc6 Be7 40. Rc7 g6 41. Re3 1-0

[Event "Calvi Balagne op 10th"]
[Site "Calvi"]
[Date "2013.04.13"]
[Round "5"]
[White "Rapport, Richard"]
[Black "Bacrot, Etienne"]
[Result "1-0"]
[WhiteElo "2654"]
[BlackElo "2705"]
[PlyCount "81"]
[EventDate "2013.04.13"]
[EventType "swiss (rapid)"]
[EventRounds "9"]
[EventCountry "FRA"]
[SourceTitle "CBM 153 Extra"]
[Source "ChessBase"]
[SourceDate "2013.04.22"]
[SourceVersion "1"]
[SourceVersionDate "2013.04.22"]
[SourceQuality "1"]

1. g3 d5 2. Nf3 g6 3. Bg2 Bg7 4. c4 dxc4 5. Qa4+ Nc6 6. O-O e5 7. Nxe5 Bxe5 8. Bxc6+ bxc6 9. Qxc6+ Bd7 10. Qe4 f6 11. f4 Bf5 12. Qc6+ Bd7 13. Qe4 Bf5 14. Qe3 Bh3 15. Rf3 Bg4 $146 ({RR} 15... Nh6 16. fxe5 Nf5 17. Qa3 Qd4+ 18. Rf2 fxe5 19. Qa4+ Ke7 20. d3 cxd3 21. Bg5+ Kf7 22. Qc6 dxe2 23. Qf6+ Kg8 24. Qe6+ Kg7 25. Qf6+ Kg8 26. Qe6+ Kg7 27. Qf6+ Kg8 {½-½ (27) Paehtz,E (2457)-Muzychuk,A (2505) Saint Louis USA 2024}) ({RR} 15... Nh6 16. fxe5 Nf5 17. Qa3 Qd4+ 18. Rf2 fxe5 19. Qa4+ Ke7 20. d3 cxd3 21. Bg5+ Kf7 22. Qc6 dxe2 23. Qf6+ Kg8 24. Qe6+ Kg7 25. Qf6+ Kg8 26. Qe6+ Kg7 27. Qf6+ Kg8 {½-½ (27) Paehtz,E (2457)-Muzychuk,A (2505) Saint Louis USA 2024}) 16. Rf2 Qd4 17. fxe5 Qxe3 18. dxe3 fxe5 19. Na3 O-O-O 20. Nxc4 Bh3 21. Bd2 Be6 22. Bc3 Bxc4 23. Bxe5 Nh6 24. Rc1 Rhe8 25. Bf4 Ng4 26. Rxc4 Nxf2 27. Rxc7+ Kb8 28. Rxh7+ Ka8 29. Kxf2 Rd2 30. Rg7 Rxb2 31. Rxg6 Rxa2 32. h4 Rb2 33. h5 Rb6 34. Rg5 Rbe6 35. g4 Kb7 36. h6 Kb6 37. h7 Rh8 38. Rg7 a5 39. g5 a4 40. g6 Ree8 41. Rf7 1-0